000
00300nam a2200133Ia 4500
008
191201s2008 xx 000 0 und d
100
_a
Gupta,S P
245
0
_a
Business Statistics
250
_a
15th
260
_c
2008
_b
Sultan Chand
_a
N.Delhi
300
_a
712
650
_a
MBA
942
_2
ddc
_c
BB
_0
7
999
_c
7272
_d
7272